000 00338nam a2200133Ia 4500
008 240624s9999 xx 000 0 und d
041 _aeng
082 _a387.7065 CAR
100 _aCARLZON JAN
245 _aMOMENTS OF TRUTH
260 _c1989
_aNew York
_bHarperCollins Publishers
300 _axiii, : 135 : p. : cm. ; 20
365 _c
_b20
999 _c8109
_d8109